Every QB to throw a TD to Randy Moss - Statistics

General Stats
  • This quiz has been taken 14 times
  • The average score is 4 of 13
Answer Stats
Hint Answer % Correct
NE - 39 Tom Brady
100%
MIN - 53 Daunte Culpepper
85%
SF - 2 Alex Smith
46%
MIN - 2 Brett Favre
46%
SF - 1 Colin Kaepernick
38%
NE - 11 Matt Cassel
31%
MIN - 2 Brad Johnson
23%
MIN - 8 Jeff George
23%
MIN - 5 Gus Frerotte
15%
OAK - 8 Kerry Collins
15%
MIN - 18 Randall Cunningham
15%
OAK - 3 Andrew Walter
8%
MIN - 4 Todd Bouman
0%
No matching quizzes found
Score Distribution
Percent of People with Each Score
Percentile by Number Answered
Your Score History
You have not taken this quiz